Czesław Kuberski (1870-1939) h. Dołęga
| Titel: | Czesław Kuberski (1870-1939) h. Dołęga : Zasłużony hodowca, działacz społeczno-polityczny i niepodległościowy. Jerzy Pieczynis (1888-1939), bojowiec PPS w rewolucji 1905 r., dziennikarz. Klemens Szczawiński (1827-1877) pierwszy prezydent gubernialnej Łomży (1866-1877) |
|---|---|
| Verfasser: | |
| In: |
Studia Łomżyńskie, Band 20 (2009), Seite 131-136 alle Artikel anzeigen |
| Veröffentlicht: | 2009 |
| Format: | Aufsatz |
| Sprache: | Polnisch |
X
alg: 39417649 001A $01999:12-11-16 001B $01999:29-05-21 $t17:46:04.000 001D $01999:12-11-16 001U $0utf8 001X $00 002@ $0Aox 003@ $0394176499 007A $0394176499 $aHEB 007T $0Herdkk00023439 010@ $apol 011@ $a2009 021A $aCzesław Kuberski (1870-1939) h. Dołęga $dZasłużony hodowca, działacz społeczno-polityczny i niepodległościowy. Jerzy Pieczynis (1888-1939), bojowiec PPS w rewolucji 1905 r., dziennikarz. Klemens Szczawiński (1827-1877) pierwszy prezydent gubernialnej Łomży (1866-1877) 028A $aGwardiak $dJanusz 031A $d20 $h131-136 $j2009 039B $aIn $8--Abvc--. Studia Łomżyńskie. - Łomża : LTN, 1989-. - ISSN 0860-7249 $x200900000200000869 $922006993X 045F $a929.09438 $eDDC23BSB 045F/01 $a929 045F/03 $g438 lok: 39417649 78 exp: 39417649 78 1 #EPN 201B/01 $018-11-16 $t10:50:25.000 201U/01 $0utf8 203@/01 $0790287005 208@/01 $a12-11-16 $be 209A/01 $a/ $f000 $x00 220C/01 $aTitelaufnehmer: pbb 220C/01 $aHerkunft: PBB/IH PAN 220C/01 $aAnmerkung: *uA 244Z/01 $2Trx $#Poola $#Lenkija $#Polija $#Polen Land $#Poland $#Lengyelország $#Poľsko $#Polsko $8--Trx--Polska$gkraj $x01 $9391345966 244Z/01 $2Trx $8--Trx--Kuberski, Czesław$Z1870-1939 $x02 $9390684813 244Z/01 $2Trx $8--Trx--Pieczynis, Jerzy$Z1888-1939 $x03 $9390772917 244Z/01 $2Trx $8--Trx--Szczawiński, Klemens$Z1827-1877 $x04 $9390748382 244Z/01 $2Trx $8--Trx--Zeitschriftenaufsatz $x05 $9391384341 244Z/01 $2Trx $#biograafiad $#biografijos $#biography $#életrajzok $#biografia $#biografie $#biografie $8--Trx--Biographie $x06 $9391352938 245Z/01 $a12.01 $x01 247C/01 $82080>Marburg/Lahn, Herder-Institut, Forschungsbibliothek, Bibliographieportal $9336309341
| LEADER | 00000caa a22000002c 4500 | ||
|---|---|---|---|
| 001 | 394176499 | ||
| 003 | DE-603 | ||
| 005 | 20210529174604.0 | ||
| 007 | tu | ||
| 008 | 161112s2009 xx |||| | u00||u|pol c | ||
| 035 | |a (DE-599)HEB394176499 | ||
| 040 | |a DE-603 |b ger |c DE-603 |d DE-603 | ||
| 041 | |a pol | ||
| 082 | 0 | 4 | |8 1\u |a 929.09438 |q DE-101 |2 23/BSB |
| 085 | |8 1\u |b 929 | ||
| 085 | |8 1\u |z 2 |s 438 | ||
| 100 | 1 | |a Gwardiak, Janusz | |
| 245 | 0 | 0 | |a Czesław Kuberski (1870-1939) h. Dołęga |b Zasłużony hodowca, działacz społeczno-polityczny i niepodległościowy. Jerzy Pieczynis (1888-1939), bojowiec PPS w rewolucji 1905 r., dziennikarz. Klemens Szczawiński (1827-1877) pierwszy prezydent gubernialnej Łomży (1866-1877) |
| 264 | 0 | |c 2009 | |
| 773 | 0 | 8 | |i In |t Studia Łomżyńskie |d Łomża : LTN, 1989- |x 0860-7249 |g Band 20 (2009), Seite 131-136 |w (DE-603)22006993X |w (DE-600)2535583-1 |
| 924 | 0 | |9 2080 |a (DE-603)790287005 |b DE-2080 |c HES |d d |g / | |


